| 000 | 01512cam a22004214a 4500 | ||
|---|---|---|---|
| 001 | 11997995 | ||
| 003 | ost | ||
| 005 | 20140311163218.0 | ||
| 008 | 000505s2001 nyuaf c b 001 0beng | ||
| 010 | _a 00034502 | ||
| 020 | _a0590907166 (pbk.) | ||
| 020 | _a0590907166 (pbk.) | ||
| 040 |
_aDLC _cDLC _dDLC |
||
| 042 |
_apcc _alcac |
||
| 043 | _an-us--- | ||
| 050 | 0 | 0 |
_aHV 1624.K4 _b.D35 2001 |
| 100 | 1 |
_aDash, Joan. _918717 |
|
| 245 | 1 | 4 |
_aThe world at her fingertips : _bthe story of Helen Keller / _cJoan Dash. |
| 250 | _a1st ed. | ||
| 260 |
_aNew York : _bScholastic _c2001. |
||
| 300 |
_a235 p. : _bill. ; _c22 cm. |
||
| 521 | _aG9 | ||
| 526 | _c1020 | ||
| 600 | 1 | 0 |
_aKeller, Helen, _d1880-1968 _vJuvenile literature. _925705 |
| 600 | 1 | 0 |
_aSullivan, Annie, _d1866-1936 _vJuvenile literature. _925706 |
| 600 | 1 | 1 |
_aKeller, Helen, _d1880-1968. _925707 |
| 600 | 1 | 0 |
_aSullivan, Annie, _d1866-1936. _925708 |
| 650 | 0 |
_aDeafblind women _zUnited States _vBiography _vJuvenile literature. _925709 |
|
| 650 | 0 |
_aDeafblind people _zUnited States _vBiography _vJuvenile literature. _925710 |
|
| 650 | 1 |
_aBlind. _925711 |
|
| 650 | 1 |
_aDeaf. _925712 |
|
| 650 | 1 |
_aPeople with disabilities. _925713 |
|
| 650 | 1 |
_aWomen _vBiography. _925714 |
|
| 906 |
_a7 _bcbc _corignew _d1 _eocip _f20 _gy-gencatlg |
||
| 942 |
_2lcc _cBK |
||
| 999 |
_c42915 _d42915 |
||